00630nam a2200169 a 4500008004100000020001500041050002400056110001500080245013600095260004000231300002200271350000900293490005400302650003200356650003900388856003300427060516s2005 ||||||||||||||||| || u a0821359746 aIBRD(06)OED/2005/11 aWorld Bank10aTunisia: understanding successful socioeconomic development: a joint World Bank - Islamic development Bank evaluation of assistance aWashington, D. C.bWorld Bankc2005 axviii;100p.; ill. a0.00 aWorld Bank Operations Evaluation Department (OED) 0aAFRICA--ECONOMIC CONDITIONS aSOCIOECONOMIC DEVELOPMENT--TUNISIA uhttp://www.worldbank.org/oed